| 000 | 00552nam a2200157 i 4500 | ||
|---|---|---|---|
| 001 | 34475 | ||
| 003 | ES-MaACL | ||
| 005 | 20230906154936.0 | ||
| 007 | t| | ||
| 008 | 030207s1928 sp ||||1| spa d | ||
| 100 | 1 |
_aBohigas Tarragó, P. _929821 |
|
| 245 | 1 | 0 |
_aDiputación Provincial de Barcelona, Instituto de Teatro Nacional _b: memoria relativa a la fundación y al curso de 1927-28 / _cpor P. Bohigas Tarragó. |
| 260 |
_aBarcelona : _b[s.n., _c1928] ( _fImp. Casa Provicial de Caridad) |
||
| 300 |
_a48 p. ; _c24 cm. |
||
| 852 |
_aES-MaACL _j1726-F-1 |
||
| 999 |
_c34475 _d34475 |
||